Most Touhou Characters - Statistics

General Stats
  • This quiz has been taken 130 times
    117 since last reset
  • The average score is 76 of 168
Answer Stats
Character % Correct
Cirno
90%
Reimu Hakurei
86%
Remilia Scarlet
85%
Flandre Scarlet
82%
Chen
81%
Hong Meiling
81%
Marisa Kirisame
81%
Rumia
81%
Sakuya Izayoi
78%
Patchouli Knowledge
76%
Tewi Inaba
76%
Yukari Yakumo
76%
Ran Yakumo
74%
Reisen
74%
Fujiwara no Mokou
72%
Youmu Konpaku
72%
Alice Margatroid
71%
Koishi Komeiji
71%
Satori Komeiji
71%
Junko
69%
Daiyousei
68%
Aya Shameimaru
67%
Koakuma
67%
Sanae Kochiya
65%
Clownpiece
64%
Suwako Moriya
64%
Kaguya Houraisan
63%
Lunasa Prismriver
63%
Nazrin
63%
Wriggle Nightbug
63%
Yuyuko Saigyouji
63%
Hecatia Lapislazuli
62%
Letty Whiterock
62%
Merlin Prismriver
62%
Nitori Kawashiro
62%
Eirin Yagokoro
60%
Lyrica Prismriver
60%
Utsuho Reiuji
60%
Yuuka Kazami
60%
Byakuren Hijiri
59%
Mima
59%
Kanako Yasaka
58%
Doremy Sweet
56%
Minoriko Aki
56%
Suika Ibuki
56%
Mystia Lorelei
55%
Okina Matara
55%
Ringo
55%
Seija Kijin
55%
Sunny Milk
55%
Lily White
54%
Parsee Mizuhashi
54%
Seiga Kaku
54%
Sekibanki
54%
Kogasa Tatara
53%
Reisen Udongein Inaba
53%
Rin Kaenbyou
53%
Seiran
53%
Wakasagihime
53%
Hata no Kokoro
51%
Ichirin Kumoi
51%
Keine Kamishirasawa
51%
Shizuha Aki
51%
Elly
50%
Iku Nagae
50%
Mai
50%
Medicine Melancholy
50%
Toyosatomimi no Miko
50%
Aunn Komano
49%
Hina Kagiyama
49%
Luna Child
49%
Mamizou Futatsuiwa
49%
Nue Houjuu
49%
Unzan
49%
Benben Tsukumo
47%
Komachi Onozuka
47%
Minamitsu Murasa
47%
Momiji Inubashiri
47%
Mononobe no Futo
47%
Star Sapphire
47%
Tenshi Hinanawi
47%
Sagume Kishin
46%
Shou Toramaru
46%
Yamame Kurodani
46%
Kasen Ibara
45%
Kisume
45%
Raiko Horikawa
45%
Shinmyoumaru Sukuna
45%
Soga no Tojiko
45%
Sumireko Usami
45%
Yuugi Hoshiguma
45%
Eternity Larva
44%
Renko Usami
44%
Shikieiki Yamaxanadu
44%
Kagerou Imaizumi
42%
Orange
42%
Kyouko Kasodani
41%
Shinki
41%
Yatsuhashi Tsukumo
41%
Eika Ebisu
40%
Jo'on Yorigami
40%
Satono Nishida
40%
Shion Yorigami
40%
Keiki Haniyasushin
38%
Konngara
38%
Mai Teireida
38%
Nemuno Sakata
38%
Rika
38%
Elis
37%
Ellen
37%
Kotohime
37%
Kurumi
37%
Rinnosuke Morichika
37%
Watatsuki no Toyohime
37%
Yoshika Miyako
37%
Kikuri
36%
Narumi Yatadera
36%
Watatsuki no Yorihime
36%
Yumeko
36%
Gengetsu
35%
Maribel Hearn
35%
Sariel
35%
Yuki
35%
Chiyuri Kitashirakawa
33%
Mugetsu
33%
Yachie Kicchou
33%
Yumemi Okazaki
33%
Hatate Himekaidou
32%
Hieda no Akyu
32%
Kutaka Niwatari
32%
Saki Kurokoma
32%
Urumi Ushizaki
32%
YuugenMagan
31%
Louise
29%
Mayumi Joutouguu
29%
Meira
29%
Sara
29%
Tokiko
28%
Mike Goutokuji
27%
Rin Satsuki
27%
Rikako Asakura
26%
Takane Yamashiro
26%
Youki Konpaku
24%
Kana Anaberal
23%
Layla Prismriver
23%
Sannyo Komakusa
23%
Hourai
22%
Ruukoto
22%
Shanghai
22%
Shingyoku
21%
Genjii
19%
Sokrates
19%
Evil Eye Sigma
18%
Miyoi Okunoda
18%
Myouren Hijiri
17%
Unnamed Giant Catfish
13%
Five Magic Stones
9%
Nameless Midboss Angel
9%
Nameless Midboss Demon
9%
Nameless Midboss Fairy
9%
Nameless Midboss Youkai
9%
Saigyou Ayakashi
9%
Magic Mirror Midboss
8%
Flower Tank
6%
Three Mischievous Fairies
5%
No matching quizzes found
Score Distribution
Percent of People with Each Score
Percentile by Number Answered
Your Score History
You have not taken this quiz since the last reset